Statistics for Name the Painter

Click here to take the quiz!

General Stats

  • This quiz has been taken 35 times
  • The average score is 10 of 19

Answer Stats

HintAnswer% Correct
Vitruvian man; Last supperLeonardo Da Vinci
97%
The screamedvard munch
90%
DavidMichelangelo
87%
Impression: Sunrise; Painted water liliesClaude Monet
77%
Campbell's soup cansAndy Warhol
74%
The persistence of memorySalvidor Dalí
71%
The night watchRembrandt
65%
The birth of VenusSandro Botticelli
65%
The Langlois Bridge at ArlesVincent Van gogh
65%
School of AthensRaphael
58%
The thinker; the kissAuguste Rodin
55%
American GothicGrant wood
45%
Liberty leading the peopleEugene Delacroix
39%
The Arnolfini Wedding
Jan van Eyck
29%
David(2)Donatello
29%
Blue polesJackson Pollock
16%
The Blue boyThomas Gainsborough
16%
The Ecstasy of Saint TeresaGianlorenzo Bernini
6%
Perseus With the Head Of MedusaBenvenuto Cellini
0%

Score Distribution

Percentile by Number Answered

Percent of People with Each Score

Your Score History

You have not taken this quiz